[Event "Titled Tuesday intern op 16th Jul Late"]
[Site "Chess.com INT"]
[Date "2024.07.16"]
[Round "9"]
[White "Bartholomew, John"]
[Black "Svane, Rasmus"]
[Result "1-0"]
[WhiteElo "2446"]
[BlackElo "2633"]
[PlyCount "147"]
[EventDate "2024.07.16"]
[EventType "swiss (blitz)"]
[EventRounds "11"]
[EventCountry "USA"]
[SourceTitle "EXT 2025"]
[Source "ChessBase"]
[SourceDate "2024.10.14"]
[SourceVersion "1"]
[SourceVersionDate "2024.10.14"]
[SourceQuality "1"]

1. Nf3 d5 2. d4 Nf6 3. c4 e6 4. Bg5 dxc4 5. Qa4+ Nbd7 6. e3 a6 7. Bxc4 c5 8. 0-0 Rb8 9. Be2 b5 10. Qd1 Bb7 11. a4 Bc6 12. axb5 axb5 13. dxc5 Bxc5 14. Nd4 Bxd4 15. Qxd4 0-0 16. Rc1 Ra8 17. Nc3 Rxa1 18. Rxa1 Qb8 19. Qb4 Qb7 20. Bf1 Rb8 21. Bf4 e5 22. Bg3 Nh5 23. Bh4 h6 24. Rd1 g5 25. Bg3 Nxg3 26. hxg3 Kg7 27. Qd6 b4 28. Nd5 Bxd5 29. Rxd5 Nf6 30. Rxe5 Qb6 31. Qd3 Rd8 32. Qb5 Qxb5 33. Rxb5 Rd1 34. Rxb4 g4 35. Rd4 Rb1 36. b4 h5 37. f3 Kg6 38. Kf2 Rb2+ 39. Be2 Kf5 40. e4+ Ke5 41. Rc4 gxf3 42. gxf3 Ne8 43. Rc5+ Ke6 44. Rxh5 Nd6 45. b5 f6 46. Rc5 Nf7 47. Ke3 Ne5 48. f4 Nd7 49. Bc4+ Ke7 50. Rc7 Kd6 51. Rc6+ Ke7 52. g4 Rg2 53. Be2 Rg3+ 54. Bf3 Rg1 55. Be2 Rb1 56. Bd3 Rb4 57. Kd2 Rb2+ 58. Kc3 Rf2 59. b6 Rxf4 60. b7 Rf3 61. Rc7 Kd6 62. Rxd7+ Kxd7 63. b8Q Ke6 64. Qb5 Kf7 65. Qd5+ Kg7 66. Kd2 Rh3 67. Ke2 Rh8 68. e5 Rf8 69. exf6+ Rxf6 70. Qe5 Kf7 71. Bc4+ Kg7 72. Qe7+ Kh6 73. Qxf6+ Kh7 74. Bd3+ 1-0

[Event "Titled Tuesday intern op 16th Jul Late"]
[Site "Chess.com INT"]
[Date "2024.07.16"]
[Round "10"]
[White "Deac, Bogdan Daniel"]
[Black "Bartholomew, John"]
[Result "1/2-1/2"]
[WhiteElo "2683"]
[BlackElo "2446"]
[PlyCount "156"]
[EventDate "2024.07.16"]
[EventType "swiss (blitz)"]
[EventRounds "11"]
[EventCountry "USA"]
[SourceTitle "EXT 2025"]
[Source "ChessBase"]
[SourceDate "2024.10.14"]
[SourceVersion "1"]
[SourceVersionDate "2024.10.14"]
[SourceQuality "1"]

1. Nf3 d5 2. d4 Nf6 3. c4 c6 4. g3 dxc4 5. Bg2 Nbd7 6. 0-0 g6 7. a4 a5 8. Qc2 Nb6 9. e4 Bg7 10. h3 0-0 11. Rd1 h6 12. Be3 Be6 13. Nc3 Nfd7 14. Ne2 f6 15. Nf4 Bf7 16. e5 g5 17. e6 gxf4 18. exf7+ Rxf7 19. Bxf4 Nd5 20. Bd2 N7b6 21. Re1 Nb4 22. Bxb4 axb4 23. a5 Nd5 24. Qxc4 Rxa5 25. Nh4 Rxa1 26. Rxa1 e6 27. Re1 Qd6 28. Qe2 f5 29. Nf3 Re7 30. Ne5 Bxe5 31. dxe5 Qc5 32. Qh5 Kg7 33. Qh4 Rf7 34. Bf3 Qe7 35. Qc4 Qf8 36. Ra1 Rd7 37. Kh2 Qe7 38. Qd4 b5 39. Rc1 Rc7 40. Qc5 Qxc5 41. Rxc5 Kf7 42. Bxd5 exd5 43. f4 Ke6 44. Kg2 Kd7 45. g4 Ke6 46. Kf3 Rc8 47. Ke3 Rc7 48. Kd4 Rc8 49. Rc2 Rc7 50. Rc5 Rc8 51. Rc1 Rc7 52. Kc5 Rc8 53. Rf1 Rc7 54. Ra1 Rd7 55. Ra6 Rc7 56. Rb6 Rc8 57. Ra6 Rc7 58. Kxb4 d4 59. Kc5 d3 60. Ra1 Rd7 61. Rd1 h5 62. gxh5 Rd5+ 63. Kxc6 Rd4 64. h6 Rxf4 65. Rxd3 Rh4 66. Kxb5 Kxe5 67. b4 Rxh6 68. Ka5 Ke4 69. Rb3 f4 70. b5 f3 71. b6 f2 72. Rb1 Rxh3 73. b7 Rh8 74. Kb6 Rb8 75. Kc7 Rxb7+ 76. Kxb7 Kf3 77. Rf1 Kg2 78. Rxf2+ Kxf2 1/2-1/2

[Event "Titled Tuesday intern op 16th Jul Late"]
[Site "Chess.com INT"]
[Date "2024.07.16"]
[Round "4"]
[White "Kamsky, Gata"]
[Black "Bartholomew, John"]
[Result "1-0"]
[WhiteElo "2615"]
[BlackElo "2446"]
[PlyCount "91"]
[EventDate "2024.07.16"]
[EventType "swiss (blitz)"]
[EventRounds "11"]
[EventCountry "USA"]
[SourceTitle "EXT 2025"]
[Source "ChessBase"]
[SourceDate "2024.10.14"]
[SourceVersion "1"]
[SourceVersionDate "2024.10.14"]
[SourceQuality "1"]

1. e4 d5 2. exd5 Qxd5 3. Nc3 Qa5 4. Bc4 Nf6 5. d3 Bg4 6. f3 Bd7 7. Be3 e5 8. a3 c6 9. Nge2 Be7 10. Qd2 0-0 11. 0-0 Qc7 12. Kh1 b5 13. Bb3 Na6 14. f4 exf4 15. Bxf4 Qb7 16. Rae1 Nc5 17. Ba2 Ne6 18. Ng3 Rfe8 19. Nf5 Bf8 20. Nd6 Bxd6 21. Bxd6 a5 22. Rxf6 gxf6 23. Ne4 Kh8 24. Nxf6 Ng7 25. Nxe8 Rxe8 26. Bxf7 Rxe1+ 27. Qxe1 Bf5 28. Bb3 Qd7 29. Qe5 a4 30. Ba2 Be6 31. Bxe6 Qxe6 32. Kg1 Kg8 33. Qxe6+ Nxe6 34. Be5 Kf7 35. Kf2 Kg6 36. g4 h5 37. gxh5+ Kxh5 38. Kf3 Kg5 39. Ke4 Nc5+ 40. Kd4 Ne6+ 41. Kc3 Kf5 42. Bg3 c5 43. b3 b4+ 44. axb4 a3 45. bxc5 Nd4 46. b4 1-0

[Event "Titled Tuesday intern op 07th May Late"]
[Site "Chess.com INT"]
[Date "2024.05.07"]
[Round "8"]
[White "Bartholomew, John"]
[Black "Mullodzhanov, Nathaniel"]
[Result "1-0"]
[WhiteElo "2446"]
[BlackElo "1926"]
[PlyCount "53"]
[EventDate "2024.05.07"]
[EventType "swiss (blitz)"]
[EventRounds "11"]
[EventCountry "USA"]
[SourceTitle "EXT 2025"]
[Source "ChessBase"]
[SourceDate "2024.10.14"]
[SourceVersion "1"]
[SourceVersionDate "2024.10.14"]
[SourceQuality "1"]

1. c4 Nf6 2. g3 g6 3. Bg2 Bg7 4. Nc3 0-0 5. e4 d6 6. Nge2 c5 7. d3 Nc6 8. 0-0 e5 9. h3 h6 10. f4 Nd4 11. Nxd4 cxd4 12. Ne2 Nd7 13. f5 a5 14. g4 Nc5 15. Ng3 Qh4 16. Kh2 Bd7 17. b3 b5 18. Qf3 Qf6 19. g5 hxg5 20. Qg4 Bh6 21. h4 gxh4 22. Bxh6 hxg3+ 23. Kxg3 Nxd3 24. Rh1 Rfd8 25. Bg5 gxf5 26. Bxf6+ fxg4 27. Rh8# 1-0

[Event "Titled Tuesday intern op 07th May Late"]
[Site "Chess.com INT"]
[Date "2024.05.07"]
[Round "1"]
[White "Bartholomew, John"]
[Black "Przybylski, Wojciech"]
[Result "0-1"]
[WhiteElo "2446"]
[BlackElo "2308"]
[PlyCount "122"]
[EventDate "2024.05.07"]
[EventType "swiss (blitz)"]
[EventRounds "11"]
[EventCountry "USA"]
[SourceTitle "EXT 2025"]
[Source "ChessBase"]
[SourceDate "2024.10.14"]
[SourceVersion "1"]
[SourceVersionDate "2024.10.14"]
[SourceQuality "1"]

1. Nf3 Nf6 2. c4 e6 3. Nc3 d5 4. cxd5 exd5 5. d4 Bd6 6. Bg5 c6 7. e3 0-0 8. Bd3 Nbd7 9. 0-0 Re8 10. Bf4 Qc7 11. Bxd6 Qxd6 12. Qc2 h6 13. Rab1 a5 14. a3 b5 15. Rfc1 Bb7 16. h3 Rac8 17. Nd2 Nb6 18. Nb3 Nc4 19. Bxc4 dxc4 20. Nxa5 Ba8 21. b4 Nd5 22. Ne4 Qe7 23. Nc5 Rcd8 24. Qf5 Rd6 25. Qh5 Rg6 26. Rf1 Kh8 27. Rbe1 Rg5 28. Qf3 Nc7 29. e4 Ne6 30. Nxe6 Qxe6 31. Qf4 Qd7 32. Rd1 Rg6 33. Kh2 Rf6 34. Qe3 Qc7+ 35. Kg1 c5 36. f3 cxd4 37. Rxd4 Rg6 38. Qf2 Kh7 39. Rfd1 Qf4 40. Rd7 Bc6 41. Ra7 c3 42. Ra6 Ree6 43. Nxc6 Rxc6 44. Rxc6 Rxc6 45. Qc2 Qe3+ 46. Kf1 g6 47. Rd3 Qf4 48. Rxc3 Rd6 49. Rd3 Re6 50. Qd2 Qh2 51. Kf2 Qe5 52. Rd5 Qa1 53. Rxb5 Rc6 54. Rc5 Rf6 55. Rc3 Qb1 56. h4 Qxe4 57. g3 Qf5 58. Kg2 Qe5 59. Re3 Qa1 60. Qd4 Qxd4 61. Re4 Qd2+ 0-1

[Event "Titled Tuesday intern op 23rd Apr Late"]
[Site "Chess.com INT"]
[Date "2024.04.23"]
[Round "4"]
[White "Calin, Alexandru"]
[Black "Bartholomew, John"]
[Result "0-1"]
[WhiteElo "2181"]
[BlackElo "2446"]
[PlyCount "104"]
[EventDate "2024.04.23"]
[EventType "swiss (blitz)"]
[EventRounds "11"]
[EventCountry "USA"]
[SourceTitle "CBM 219 Extra"]
[Source "ChessBase"]
[SourceDate "2024.05.31"]
[SourceVersion "1"]
[SourceVersionDate "2024.05.31"]
[SourceQuality "1"]

1. d4 g6 2. e4 Bg7 3. Nc3 d6 4. Bg5 c6 5. Qd2 b5 6. h4 h6 7. Be3 Nf6 8. f3 b4 9. Nce2 a5 10. Nf4 Nbd7 11. Bc4 Nb6 12. Bd3 e5 13. dxe5 dxe5 14. Nfe2 Be6 15. Nh3 Nc4 16. Bxc4 Qxd2+ 17. Bxd2 Bxc4 18. Nc1 Nh5 19. Kf2 0-0 20. Nb3 Rfd8 21. Be3 a4 22. Nc5 Nf4 23. b3 Bb5 24. Rad1 Nxh3+ 25. gxh3 Rxd1 26. Rxd1 Bf8 27. Nd7 axb3 28. axb3 Be7 29. Nxe5 Bxh4+ 30. Kg2 Bf6 31. Ng4 Bc3 32. Nxh6+ Kg7 33. Ng4 Ra2 34. Bd4+ Bxd4 35. Rxd4 Rxc2+ 36. Kg3 c5 37. Rd5 Rc3 38. Ne5 Kf6 39. Kf4 Ke6 40. Ng4 f6 41. h4 Bc6 42. Rd8 Rxb3 43. Rf8 Ke7 44. Rxf6 Bd7 45. Rxg6 Rc3 46. Ne5 Be6 47. Rg7+ Kf8 48. Rg6 Ke7 49. Rg7+ Kd6 50. h5 b3 51. h6 b2 52. Rb7 Bb3 0-1